[Event "DRUZYNOWE MISTRZOSTWA POLSKI JUNIOROW - II LIGA"]
[Site "Szczyrk, CKiR Orle Gniazdo ul. Wrzosowa 28a"]
[Date "2014-07-26"]
[Round "2.23"]
[White "Kopica, Paulina"]
[Black "Gudelajtis, Anna"]
[Result "1/2-1/2"]
[WhiteTitle "I"]
[BlackTitle "I"]
[WhiteElo "1697"]
[BlackElo "1507"]

1. e4 d5 2. exd5 Qxd5 3. c4 Qa5 4. Nc3 Nf6 5. Nf3 c6 6. Be2 Bf5 7. O-O e6 8. d4
Qc7 9. Be3 Bd6 10. h3 O-O 11. Rc1 Nbd7 12. Qd2 Ne4 13. Nxe4 Bxe4 14. Rfd1 Nf6
15. Bg5 Be7 16. Ne5 c5 17. Qf4 Bc6 18. dxc5 h6 19. Ng6 Bd8 20. Qxc7 Bxc7 21. Ne7+
Kh8 22. Bxf6 gxf6 23. Nxc6 bxc6 24. Bf3 Be5 25. b4 Rfc8 26. b5 Rab8 27. Bxc6 Bb2
28. Rc2 Ba3 29. Rd7 Bxc5 30. Rxf7 Rf8 31. Rd7 Rfd8 32. Rcd2 Rxd7 33. Rxd7 Rg8
34. Kf1 Rg7 35. Rd3 Re7 36. a4 Bb6 37. Ke2 Kg7 38. Kd2 Bxf2 39. a5 Bc5 40. Rb3
Rc7 41. Bf3 Rd7+ 42. Kc2 Rd6 43. Rb1 f5 44. Kc3 Kf6 45. Bc6 e5 46. Bd5 Kg5 47.
Rf1 h5 48. Rf3 h4 49. Rf1 Kg6 50. Kd3 Kg5 51. Ke2 e4 52. Rb1 Kf4 53. Rb3 Rg6 54.
Kf1 Rg3 55. Rb1 Rg6 56. Ra1 Rg3 57. b6 axb6 58. a6 b5 59. cxb5 Ba7 60. b6 Bxb6
61. a7 Bxa7 62. Rxa7 Rd3 63. Bc4 Rc3 64. Be2 Rc1+ 65. Bd1 Rxd1+ 66. Ke2 Rb1 67.
Ra2 Rb3 68. Kf2 Rg3 69. Ra4 Rb3 1/2-1/2

[Event "DRUZYNOWE MISTRZOSTWA POLSKI JUNIOROW - II LIGA"]
[Site "Szczyrk, CKiR Orle Gniazdo ul. Wrzosowa 28a"]
[Date "2014-07-26"]
[Round "2.24"]
[White "Wawrzyniak, Weronika"]
[Black "Trusz, Julia"]
[Result "1/2-1/2"]
[WhiteTitle "II"]
[BlackTitle "I"]
[WhiteElo "1216"]
[BlackElo "1508"]

1. e4 c5 2. Nf3 Nc6 3. d4 cxd4 4. Nxd4 Nf6 5. f3 d6 6. c4 g6 7. Be2 Bg7 8. Be3
Bd7 9. O-O O-O 10. Nc3 a6 11. Qd2 Nxd4 12. Bxd4 Qa5 13. a3 Rac8 14. b4 Qc7 15.
Rac1 Be6 16. Nd5 Bxd5 17. exd5 Qd7 18. Bd1 Nh5 19. Bb3 Rfe8 20. Rfe1 Bxd4+ 21.
Qxd4 Nf6 22. a4 Rc7 23. c5 Rec8 24. Re2 Qf5 25. Rec2 Nd7 26. c6 bxc6 27. dxc6
Nb8 28. Qd5 Qxd5 29. Bxd5 e6 30. Be4 d5 31. Bd3 Rxc6 32. Rxc6 Rxc6 33. Rxc6 Nxc6
34. Bxa6 Nxb4 35. Bb5 d4 36. a5 Nd5 37. a6 Nc7 38. Bf1 Kf8 39. a7 Ke7 40. Ba6
Kd6 41. Kf2 Kc6 42. Ke2 Kb6 43. Bc4 f6 44. Bxe6 Kxa7 45. Bg8 h6 46. Kd3 Nb5 47.
Bc4 Nd6 48. Kxd4 Nf5+ 49. Ke4 Kb6 50. Bd3 Ne7 51. g4 Kc5 52. h3 Kd6 53. Ke3 g5
54. Ke4 Kc5 55. Bf1 Kc6 56. Bc4 Kd6 57. f4 Kc5 58. Bf1 gxf4 59. Kxf4 Kd4 60. Bb5
Kd5 61. Be8 Ke6 62. h4 Nd5+ 63. Ke4 Nc3+ 64. Kf4 Ne2+ 65. Ke3 Nc3 66. Bg6 Nd5+
67. Kf3 Ne7 68. Bb1 Ke5 69. Bc2 Nc6 70. Bb1 Nd8 71. Ke3 Ne6 72. Bf5 Ng7 73. Bg6
Ne6 74. Bf5 Nc7 75. Be4 Ne8 76. Bg6 Nd6 77. Bd3 Ke6 78. Kf4 Kd5 79. g5 fxg5+ 80.
hxg5 hxg5+ 81. Kxg5 1/2-1/2

[Event "DRUZYNOWE MISTRZOSTWA POLSKI JUNIOROW - II LIGA"]
[Site "Szczyrk, CKiR Orle Gniazdo ul. Wrzosowa 28a"]
[Date "2014-07-26"]
[Round "2.25"]
[White "Ogonowski, Jakub"]
[Black "Kyc, Jerzy"]
[Result "0-1"]
[WhiteTitle "I+"]
[BlackTitle "I++"]
[WhiteElo "1853"]
[BlackElo "2096"]

1. e4 c5 2. Nf3 d6 3. Bb5+ Bd7 4. Bxd7+ Qxd7 5. c4 Nc6 6. d4 cxd4 7. Nxd4 Nf6 8.
Nc3 g6 9. O-O Bg7 10. Nde2 O-O 11. f3 Rac8 12. Be3 Rfd8 13. Qd2 b6 14. Rad1 Qb7
15. b3 Nd7 16. Nd4 Nce5 17. Qe2 Nc5 18. f4 Ned7 19. Bf2 Nf6 20. Rfe1 Nh5 21. Qf3
Nf6 22. Qe2 Rd7 23. g3 Rcd8 24. f5 Rc7 25. Nd5 Rcc8 26. Qf3 Re8 27. g4 Ncd7 28.
Bg3 Ne5 29. Bxe5 dxe5 30. Ne2 Nd7 31. Ng3 e6 32. f6 exd5 33. fxg7 d4 34. Rf1 Nc5
35. h4 Qe7 36. h5 Kxg7 37. Rf2 Ne6 38. h6+ Kg8 39. Nf5 gxf5 40. gxf5 Ng5 41. Qh5
f6 0-1

[Event "DRUZYNOWE MISTRZOSTWA POLSKI JUNIOROW - II LIGA"]
[Site "Szczyrk, CKiR Orle Gniazdo ul. Wrzosowa 28a"]
[Date "2014-07-26"]
[Round "2.26"]
[White "Krzeminski, Sebastian"]
[Black "Sanz Wawer, Daniel"]
[Result "1-0"]
[WhiteTitle "II+"]
[BlackTitle "I"]
[WhiteElo "1704"]
[BlackElo "1736"]

1. d4 d5 2. c4 Bf5 3. Nc3 e6 4. Nf3 Nf6 5. Bg5 Be7 6. Bxf6 Bxf6 7. cxd5 exd5 8.
Qb3 Nc6 9. e3 Ne7 10. Qxb7 O-O 11. Qa6 Rb8 12. b3 c5 13. Bb5 Rb6 14. Qxa7 cxd4
15. exd4 Nc6 16. Qa4 Qe7+ 17. Kf1 Nb4 18. Re1 Qd6 19. Ne5 Bxe5 20. Rxe5 Bd3+ 21.
Bxd3 Nxd3 22. Re3 Rb4 23. Qa7 Nf4 24. g3 Ne6 25. Rd3 Qc6 26. Kg2 Ra8 27. Qe7 Rxd4
28. Rxd4 Nxd4 29. Qe3 Ne6 30. Qf3 Rd8 31. Rd1 Nc7 32. Ne2 h6 33. Rc1 Qd7 34. Nd4
Ne6 35. Nc6 Ng5 36. Qe3 Re8 37. Qd3 Qe6 38. Nd4 Qd7 39. Qf5 Qa7 40. Nf3 Nxf3 41.
Qxf3 d4 42. a4 Qb6 43. Qc6 Qb8 44. Rd1 Rd8 45. Qc4 Qd6 46. Rd3 Qe5 47. Rf3 Rd5
48. b4 Qe4 49. Qd3 Qe7 50. Qc4 Qe4 51. Qd3 Qe7 52. b5 Qa7 53. Qc4 Qa8 54. Kg1
Rd7 55. Qc6 Qd8 56. Rd3 Qe7 57. b6 Rd6 58. Qc8+ Kh7 59. Qf5+ g6 60. Qf3 Rf6 61.
Qd1 Re6 62. Kg2 Qb7+ 63. Qf3 Rxb6 64. Rxd4 Qe7 65. Rf4 Kg7 66. Qc3+ Kh7 67. Qf3
Kg7 68. h4 h5 69. Kh2 Qe6 70. Kg2 Ra6 71. Qe4 Qd7 72. Qd4+ Qxd4 73. Rxd4 Kf6 74.
Kf3 Ke5 75. Ke3 Rb6 76. a5 Ra6 77. Ra4 f6 78. Kd3 Kd5 79. Kc3 Kc5 80. Kb3 Kb5
81. Rb4+ Kc6 82. Ka4 g5 83. Rb5 Ra8 84. hxg5 fxg5 85. Rxg5 Rf8 86. Rxh5 Rxf2 87.
Kb4 Rg2 88. Rg5 Kb7 89. Rg7+ Ka6 90. Rg6+ Kb7 91. g4 Rb2+ 92. Ka3 Rg2 93. g5 Rg4
94. Rb6+ Ka7 95. g6 Rg3+ 96. Kb4 Rg4+ 97. Kc5 Rg5+ 98. Kd4 Rxa5 99. Rf6 Rg5 100.
Ke4 Kb7 101. Kf4 Rg1 102. Ke5 Re1+ 103. Kd6 1-0

[Event "DRUZYNOWE MISTRZOSTWA POLSKI JUNIOROW - II LIGA"]
[Site "Szczyrk, CKiR Orle Gniazdo ul. Wrzosowa 28a"]
[Date "2014-07-26"]
[Round "2.27"]
[White "Jarzebowski, Kacper"]
[Black "Urbanski, Wojciech"]
[Result "1/2-1/2"]
[WhiteTitle "II+"]
[BlackTitle "II"]
[WhiteElo "1548"]
[BlackElo "1512"]

1. e4 c5 2. Nf3 Qa5 3. c3 Nc6 4. Be2 g6 5. O-O Bg7 6. d3 Qc7 7. Be3 b6 8. Nbd2
e6 9. d4 cxd4 10. cxd4 Nge7 11. Rc1 Bb7 12. Qb3 d5 13. e5 O-O 14. Nh4 Qd8 15.
f4 Bh6 16. g4 Na5 17. Qd3 Bc8 18. Rf3 Nec6 19. Rh3 Bg7 20. a3 Ne7 21. g5 Bd7 22.
b4 Nc4 23. Nxc4 dxc4 24. Qxc4 Rc8 25. Qb3 Rxc1+ 26. Bxc1 Qc8 27. Rc3 Qb7 28. Qc2
Nd5 29. Bf3 Rc8 30. Rxc8+ Qxc8 31. Qxc8+ Bxc8 32. Bxd5 exd5 33. Ng2 Be6 34. Kf2
Kf8 35. Ke3 Ke7 36. Kd3 Kd7 37. Kc3 Bf8 38. a4 a5 39. b5 Bb4+ 40. Kc2 Bf5+ 41.
Kb2 Ke6 42. Ne3 Be1 43. Ng2 Bb4 44. Ne3 Bh3 45. Nc2 Bf8 46. Bd2 Bf5 1/2-1/2

[Event "DRUZYNOWE MISTRZOSTWA POLSKI JUNIOROW - II LIGA"]
[Site "Szczyrk, CKiR Orle Gniazdo ul. Wrzosowa 28a"]
[Date "2014-07-26"]
[Round "2.28"]
[White "Warchol, Bartosz"]
[Black "Baum, Jonasz"]
[Result "1/2-1/2"]
[WhiteTitle "II"]
[BlackTitle "II+"]
[WhiteElo "1510"]
[BlackElo "1632"]

1. d4 Nf6 2. Nf3 d5 3. c4 e6 4. g3 Nbd7 5. Bg2 Be7 6. O-O O-O 7. Qc2 b6 8. Nc3
Bb7 9. b3 c5 10. Rd1 dxc4 11. bxc4 cxd4 12. Rxd4 Bc5 13. Rh4 Re8 14. Ng5 Bxg2
15. Kxg2 Nf8 16. Bb2 Ng6 17. Rh3 h6 18. Nge4 Be7 19. Rd1 Qc7 20. Nxf6+ Bxf6 21.
Qe4 Qe5 22. Qb7 Reb8 23. Qf3 Qf5 24. Qxf5 exf5 25. Na4 Bxb2 26. Nxb2 Rd8 27. Nd3
f4 28. Rh5 fxg3 29. hxg3 Nf8 30. c5 bxc5 31. Rxc5 a5 32. Rb1 Ne6 33. Rc4 Rd4 34.
Rxd4 Nxd4 35. e3 Ne6 36. Rb5 Kf8 37. Ne5 a4 38. Rb7 Nd8 39. Rc7 Ra5 40. Nc4 Ra6
1/2-1/2

[Event "DRUZYNOWE MISTRZOSTWA POLSKI JUNIOROW - II LIGA"]
[Site "Szczyrk, CKiR Orle Gniazdo ul. Wrzosowa 28a"]
[Date "2014-07-26"]
[Round "2.29"]
[White "Reda, Patrycja"]
[Black "Gaudyn, Renata"]
[Result "0-1"]
[WhiteTitle "I"]
[BlackTitle "I"]
[WhiteElo "1432"]
[BlackElo "1597"]

1. e4 c5 2. Nf3 d6 3. d4 cxd4 4. Nxd4 Nf6 5. Nc3 a6 6. f3 e5 7. Nb3 Be6 8. Be3
Be7 9. Qd2 O-O 10. O-O-O Nbd7 11. g4 b5 12. h4 b4 13. Nd5 Bxd5 14. exd5 a5 15.
h5 a4 16. Na1 b3 17. a3 bxc2 18. Nxc2 Rc8 19. Kb1 Nc5 20. Nb4 e4 21. g5 Nb3 22.
Qg2 exf3 23. Qxf3 Nd7 24. Nc6 Ne5 25. Nxe5 dxe5 26. Bh3 Rb8 27. Ka2 Bxg5 28. Bxg5
Qxg5 29. Rdg1 Qh6 30. Qe4 Nd4 31. Bd7 Rxb2+ 32. Ka1 Ra2+ 33. Kxa2 Qd2+ 34. Ka1
Qc3+ 35. Ka2 Qb3+ 36. Ka1 Qxa3+ 37. Kb1 Rb8+ 38. Bb5 Rxb5# 0-1

[Event "DRUZYNOWE MISTRZOSTWA POLSKI JUNIOROW - II LIGA"]
[Site "Szczyrk, CKiR Orle Gniazdo ul. Wrzosowa 28a"]
[Date "2014-07-26"]
[Round "2.30"]
[White "Waszczuk, Patrycja"]
[Black "Tarka, Aleksandra"]
[Result "1-0"]
[WhiteTitle "I"]
[BlackTitle "I"]
[WhiteElo "1519"]
[BlackElo "1352"]

1. e4 d5 2. exd5 Qxd5 3. Nc3 Qa5 4. d4 Nf6 5. Nf3 Nc6 6. Bf4 Bg4 7. h3 Bxf3 8.
Qxf3 O-O-O 9. O-O-O Nxd4 10. Qe3 Nf5 11. Rxd8+ Kxd8 12. Qf3 Kc8 13. g4 Nd4 14.
Qe3 Qb6 15. Bg2 Ne6 16. Qf3 Nxf4 17. Qxf4 h6 18. Nd5 Nxd5 19. Bxd5 e6 20. Qxf7
Bc5 21. Qxe6+ Qxe6 22. Bxe6+ Kd8 23. Bf5 Ke7 24. Re1+ Kf7 25. f3 Rd8 26. c3 b6
27. Rd1 Be3+ 28. Kc2 Rxd1 29. Kxd1 Kf6 30. h4 Ke5 31. Ke2 Bf4 32. Kd3 a5 33. b4
axb4 34. cxb4 Kd5 35. Be4+ Kd6 36. Kc4 c6 37. a4 Bd2 38. h5 c5 39. bxc5+ bxc5
40. Kb5 Be3 41. a5 Kc7 42. a6 Kb8 43. Bd3 Ka7 44. Bc4 Bd4 45. Kc6 Be3 46. Kd6
Kb6 47. Ke6 Bg5 48. Kf7 Bf6 49. Kg6 Ka7 50. f4 Kb6 51. g5 hxg5 52. fxg5 Bd4 53.
h6 gxh6 54. gxh6 Bh8 55. h7 Ka7 56. Kf7 Kb6 57. Kg8 Bd4 58. h8=Q Bxh8 59. Kxh8
Ka7 60. Kg7 Kb8 61. Kf6 Ka7 62. Ke6 Kb6 63. Kd6 Ka7 64. Kxc5 Ka8 65. Kb6 Kb8 66.
a7+ 1-0

[Event "DRUZYNOWE MISTRZOSTWA POLSKI JUNIOROW - II LIGA"]
[Site "Szczyrk, CKiR Orle Gniazdo ul. Wrzosowa 28a"]
[Date "2014-07-26"]
[Round "2.31"]
[White "Knapik, Andrzej"]
[Black "Zylka, Stanislaw"]
[Result "1-0"]
[WhiteTitle "I"]
[BlackTitle "I++"]
[WhiteElo "1922"]
[BlackElo "1931"]

1. e4 c5 2. Nc3 e6 3. f4 a6 4. Nf3 d6 5. d3 Nc6 6. g3 g6 7. Bg2 Bg7 8. O-O Nge7
9. Qe2 O-O 10. Kh1 Qc7 11. Be3 Nd4 12. Qf2 Nec6 13. Nd1 b5 14. Nh4 b4 15. c3 bxc3
16. bxc3 Nb5 17. Rc1 Bb7 18. a4 Nba7 19. d4 Ne7 20. dxc5 d5 21. f5 f6 22. fxe6
dxe4 23. Bf4 Qc6 24. Bd6 Nac8 25. Rb1 f5 26. Ne3 a5 27. Rfd1 Ba6 28. c4 Rd8 29.
Nd5 Nxd5 30. cxd5 Qxa4 31. Bc7 Rf8 32. d6 Ra7 33. e7 Nxe7 34. dxe7 Re8 35. Bd6
Bd3 36. Rbc1 Bd4 37. Qd2 Qd7 38. Qa2+ Kg7 39. Qd5 Bf6 40. c6 Qc8 41. Qc5 Ra8 42.
Bf1 Bxf1 43. Rxf1 a4 44. Be5 Qe6 45. Bxf6+ Qxf6 46. c7 Rac8 47. Rfd1 Rxe7 48.
Rd6 Qf7 49. Qd4+ Kh6 50. Rf6 Qb3 51. Nxf5+ Kg5 52. Nxe7 1-0

[Event "DRUZYNOWE MISTRZOSTWA POLSKI JUNIOROW - II LIGA"]
[Site "Szczyrk, CKiR Orle Gniazdo ul. Wrzosowa 28a"]
[Date "2014-07-26"]
[Round "2.32"]
[White "Beczala, Pawel"]
[Black "Adamczyk, Pawel"]
[Result "1/2-1/2"]
[WhiteTitle "II+"]
[BlackTitle "II+"]
[WhiteElo "1711"]
[BlackElo "1746"]

1. e4 c5 2. Nc3 e6 3. f4 d5 4. Bb5+ Nc6 5. Bxc6+ bxc6 6. d3 Qc7 7. Nf3 Bd6 8. e5
Be7 9. Ne2 Ba6 10. O-O h5 11. b3 h4 12. c4 Nh6 13. Nc3 Nf5 14. Qe2 Rd8 15. Nd1
Kd7 16. Rb1 Rh6 17. Ne3 Nd4 18. Nxd4 cxd4 19. Nc2 dxc4 20. bxc4 c5 21. Qe4 Rb8
22. Rxb8 Qxb8 23. f5 Rh5 24. Qg4 Rxf5 25. Rxf5 exf5 26. Qxf5+ Ke8 27. Na3 Bc8
28. Qf4 g5 29. Qe4 Bb7 30. Qe2 a6 31. Nc2 Ba8 32. e6 fxe6 33. Ne1 Kd7 34. Nf3
Bd6 35. Nxg5 Bxh2+ 36. Kh1 Be5 37. Qg4 Qg8 38. Qxh4 Qf8 39. Kg1 Qf5 40. Qh7+ Qxh7
41. Nxh7 Bc6 42. Kf2 Ke7 43. Ng5 Kf6 44. Nf3 Bd6 45. Ba3 e5 46. Nd2 Kf5 47. Nb3
e4 48. dxe4+ Bxe4 49. Bxc5 Bxc5 50. Nxc5 Bb1 51. Nxa6 Bxa2 52. c5 Bc4 53. Nb4
Ke5 54. Kf3 Bb5 55. g4 Ba4 56. c6 Bd1+ 57. Kg3 Kd6 58. g5 d3 59. Nxd3 Kxc6 60.
g6 Bb3 61. Kf4 Kd6 62. Kg5 Ke7 63. Kh6 Bd5 64. Nf4 Ba2 65. g7 Kf6 66. Kh7 Ke7
67. Ng6+ Kf6 68. Nf8 Ke7 1/2-1/2

[Event "DRUZYNOWE MISTRZOSTWA POLSKI JUNIOROW - II LIGA"]
[Site "Szczyrk, CKiR Orle Gniazdo ul. Wrzosowa 28a"]
[Date "2014-07-26"]
[Round "2.33"]
[White "Pniaczek, Marek"]
[Black "Walter, Szymon"]
[Result "0-1"]
[WhiteTitle "II+"]
[BlackTitle "I++"]
[WhiteElo "1585"]
[BlackElo "2022"]

1. e4 c5 2. Nf3 e6 3. d4 cxd4 4. Nxd4 Nf6 5. Nc3 Nc6 6. Ndb5 Bb4 7. a3 Bxc3+ 8.
Nxc3 d5 9. exd5 exd5 10. Bd3 d4 11. Ne2 O-O 12. O-O Bg4 13. f3 Bh5 14. Nf4 Bg6
15. Nxg6 hxg6 16. f4 Nd5 17. Qf3 Re8 18. f5 Ne5 19. Qh3 Nxd3 20. fxg6 fxg6 21.
Qxd3 Qb6 22. Bg5 Rac8 23. Kh1 Re5 24. Bd2 Rce8 25. Rae1 Ne3 26. Bxe3 dxe3 27.
Rf3 Qe6 28. Kg1 a6 29. Qb3 Qxb3 30. cxb3 g5 31. Kf1 g4 32. Rf4 e2+ 33. Kf2 g5
34. Rxg4 Rf8+ 35. Kg1 Ref5 36. Rxg5+ Rxg5 37. Rxe2 Rgf5 38. g3 Kg7 39. Kg2 Kg6
40. h4 Rf3 41. b4 Rd3 42. Re6+ Kf7 43. Re2 Rfd8 44. Re4 R8d4 45. Re5 Rg4 46. Rc5
Rgxg3+ 47. Kf2 Rgf3+ 48. Ke2 Rfe3+ 49. Kf2 Re6 50. Rc7+ Re7 51. Rc2 Rh3 0-1

[Event "DRUZYNOWE MISTRZOSTWA POLSKI JUNIOROW - II LIGA"]
[Site "Szczyrk, CKiR Orle Gniazdo ul. Wrzosowa 28a"]
[Date "2014-07-26"]
[Round "2.35"]
[White "Kasperek, Kinga"]
[Black "Binkowska, Agata"]
[Result "1-0"]
[WhiteTitle "I"]
[BlackTitle "I"]
[WhiteElo "1559"]
[BlackElo "1602"]

1. c4 e5 2. Nc3 d6 3. g3 g6 4. Bg2 Bg7 5. Nf3 f5 6. d3 Nf6 7. O-O O-O 8. Rb1 c6
9. Bg5 Nbd7 10. b4 h6 11. Bd2 e4 12. dxe4 Nxe4 13. Nxe4 fxe4 14. Ne1 d5 15. cxd5
cxd5 16. Be3 Nf6 17. Nc2 Bd7 18. Qd2 Rc8 19. Bd4 Be6 20. Ne3 Rf7 21. Rfd1 Rd7
22. Rbc1 Ne8 23. Qb2 b6 24. f3 Rxc1 25. Rxc1 Qg5 26. Qd2 Nd6 27. f4 Qe7 28. Bxg7
Kxg7 29. Nxd5 Bxd5 30. Qxd5 e3 31. Rd1 Rd8 32. Qd4+ Kh7 33. Rd3 Qc7 34. Rc3 Qf7
35. Qxe3 Nf5 36. Qe5 Rd7 37. Rd3 Re7 38. Qb2 Qe6 39. e4 Qc4 40. Qd2 Ng7 41. Rd4
Qb5 42. Qd3 Qa4 43. a3 Qc6 44. Qc4 Qa4 45. Qc3 Ne6 46. Rd6 Qe8 47. Qf6 Nf8 48.
f5 Rg7 49. Rd8 Qf7 50. Rxf8 1-0

[Event "DRUZYNOWE MISTRZOSTWA POLSKI JUNIOROW - II LIGA"]
[Site "Szczyrk, CKiR Orle Gniazdo ul. Wrzosowa 28a"]
[Date "2014-07-26"]
[Round "2.36"]
[White "Buchta, Agnieszka"]
[Black "Pyzio, Amelia"]
[Result "1-0"]
[WhiteTitle "II+"]
[BlackTitle "I"]
[WhiteElo "1371"]
[BlackElo "1370"]

1. e4 e6 2. d4 d5 3. e5 Ne7 4. Nf3 Qd7 5. c3 b6 6. Be3 Ba6 7. Bxa6 Nxa6 8. Qd3
Nb8 9. Nbd2 Nf5 10. O-O Be7 11. Rfe1 O-O 12. Nf1 c5 13. Ng3 Nxg3 14. hxg3 cxd4
15. cxd4 Nc6 16. a3 Rac8 17. Nd2 Rc7 18. f4 Rfc8 19. Nf3 Na5 20. Bd2 Nb7 21. Bc3
Qa4 22. Kf2 a5 23. Rh1 g6 24. g4 Nd8 25. f5 Nc6 26. Nd2 Nb8 27. Qh3 h5 28. f6
Bxf6 29. exf6 Kf8 30. gxh5 gxh5 31. Qxh5 Ke8 32. Qe2 Kd7 33. Rh7 Kc6 34. Nf3 Kb7
35. Ne5 Rf8 36. Rah1 Qe8 37. Qh5 Nc6 38. Nxc6 Qxc6 39. Rh8 Rcc8 40. Rxf8 Rxf8
41. Qh6 Qd6 42. Qh2 Qd8 43. Qe5 Rg8 44. Rh7 Rf8 45. Bd2 Qe8 46. Qh5 Ka6 47. Bh6
Rh8 48. Rxf7 Qc6 49. Qg5 Qc2+ 50. Qd2 Qf5+ 51. Qf4 Rxh6 52. Qxf5 exf5 53. Kf3
Rh4 54. Rg7 Rh6 55. f7 Rf6 56. Kf4 Kb5 57. Ke5 Rxf7 58. Rxf7 Kc6 59. Rxf5 a4 60.
g4 b5 61. g5 b4 62. g6 bxa3 63. bxa3 Kb6 64. g7 Kb5 65. g8=Q Kc4 66. Qc8+ Kd3
67. Rf3+ Ke2 68. Rh3 Kd2 69. Qc3+ Ke2 70. Rh2+ Kd1 71. Qd2# 1-0

[Event "DRUZYNOWE MISTRZOSTWA POLSKI JUNIOROW - II LIGA"]
[Site "Szczyrk, CKiR Orle Gniazdo ul. Wrzosowa 28a"]
[Date "2014-07-26"]
[Round "2.37"]
[White "Lapaj, Mateusz"]
[Black "Snihur, Piotr"]
[Result "0-1"]
[WhiteTitle "I++"]
[BlackTitle "k"]
[WhiteElo "2135"]
[BlackElo "2147"]

1. e4 c5 2. Nc3 d6 3. Nge2 Nf6 4. g3 Nc6 5. Bg2 g6 6. d3 Bg7 7. O-O O-O 8. h3 Rb8
9. g4 b5 10. Ng3 Nd4 11. Nce2 b4 12. f4 Nd7 13. g5 Ba6 14. h4 c4 15. Be3 Nxc2
16. Qxc2 cxd3 17. Qd2 dxe2 18. Nxe2 Nb6 19. Bxb6 Qxb6+ 20. Kh1 Rfc8 21. Rac1 Rxc1
22. Rxc1 Qf2 23. Rc2 Qxh4+ 24. Kg1 Bxe2 0-1

[Event "DRUZYNOWE MISTRZOSTWA POLSKI JUNIOROW - II LIGA"]
[Site "Szczyrk, CKiR Orle Gniazdo ul. Wrzosowa 28a"]
[Date "2014-07-26"]
[Round "2.38"]
[White "Matlewski, Adam"]
[Black "Rosicki, Marcin"]
[Result "1/2-1/2"]
[WhiteTitle "I"]
[BlackTitle "I"]
[WhiteElo "1685"]
[BlackElo "1776"]

1. Nf3 Nc6 2. c4 e5 3. Nc3 Nf6 4. e4 Bc5 5. Nxe5 Nxe5 6. d4 Bb4 7. dxe5 Nxe4 8.
Bd2 Nxd2 9. Qxd2 Qe7 10. O-O-O O-O 11. Bd3 Qxe5 12. Qc2 Bxc3 13. bxc3 h6 14. Rde1
Qc5 15. Re3 d6 16. Rhe1 Be6 17. Qe2 Bf5 18. g4 Bxd3 19. Qxd3 Qg5 20. Kb2 Qg6 21.
Qd2 Rab8 22. a4 a6 23. g5 Qxg5 24. Qd4 Qc5 25. Qxc5 dxc5 26. Re7 Rbc8 27. Rd7
Rfd8 28. Rd5 b6 29. Re7 Re8 30. Rxe8+ Rxe8 31. Rd7 Rc8 32. a5 Kf8 33. axb6 Ke8
34. Rd1 cxb6 35. Ra1 Rc6 36. Kc2 Rf6 37. Re1+ Kd7 38. Re2 Rf3 39. Kd2 Kc6 40.
Kc2 b5 41. cxb5+ Kxb5 42. Kb3 a5 43. Ra2 a4+ 44. Rxa4 Rxc3+ 45. Kxc3 Kxa4 46.
Kc4 1/2-1/2

[Event "DRUZYNOWE MISTRZOSTWA POLSKI JUNIOROW - II LIGA"]
[Site "Szczyrk, CKiR Orle Gniazdo ul. Wrzosowa 28a"]
[Date "2014-07-26"]
[Round "2.39"]
[White "Gora, Szczepan"]
[Black "Leskiewicz, Ignacy"]
[Result "0-1"]
[WhiteTitle "III"]
[BlackTitle "I"]
[WhiteElo "1115"]
[BlackElo "1683"]

1. e4 c5 2. Nc3 d6 3. Bc4 e6 4. Nf3 Nc6 5. O-O Nf6 6. Re1 Qc7 7. d3 a6 8. a3 b5
9. Ba2 Be7 10. h3 Bb7 11. Bf4 Nd7 12. Qd2 Rc8 13. Rab1 Nd4 14. Rec1 Nxf3+ 15.
gxf3 g5 16. Bg3 Nf8 17. Kf1 Ng6 18. Ne2 Qd7 19. Ng1 O-O 20. f4 h6 21. Nf3 f5 22.
fxg5 fxe4 23. Ng1 Bxg5 24. Qe1 e3 25. Rd1 Kh7 26. f3 Qc6 27. Qe2 Rf6 28. Kg2 Rg8
29. Kh2 d5 30. Rf1 d4 31. c3 Bf4 32. h4 Bxg3+ 33. Kh1 Nxh4 34. Rbc1 Bf2 35. Nh3
Qxf3+ 36. Qxf3 Bxf3+ 37. Kh2 Rg2+ 38. Kh1 Rg4+ 39. Kh2 Bg3+ 0-1

[Event "DRUZYNOWE MISTRZOSTWA POLSKI JUNIOROW - II LIGA"]
[Site "Szczyrk, CKiR Orle Gniazdo ul. Wrzosowa 28a"]
[Date "2014-07-26"]
[Round "2.40"]
[White "Krol, Marcin"]
[Black "Guzik, Tomasz"]
[Result "1-0"]
[WhiteTitle "II+"]
[BlackTitle "III"]
[WhiteElo "1595"]
[BlackElo "1284"]

1. d4 d5 2. Nf3 Bf5 3. c4 dxc4 4. g3 e6 5. Bg2 Nc6 6. O-O Bd6 7. Nc3 Bg6 8. e4
Bb4 9. Re1 Nf6 10. Bg5 h6 11. Bxf6 Qxf6 12. a3 Ba5 13. Qa4 O-O-O 14. e5 Qe7 15.
Qxc4 Bxc3 16. bxc3 f6 17. exf6 Qxf6 18. Qxe6+ Qxe6 19. Rxe6 Bf5 20. Re3 Rhe8 21.
Rae1 Rxe3 22. fxe3 Be4 23. Nd2 Bxg2 24. Kxg2 Rf8 25. e4 Kd7 26. Rf1 Rf6 27. Rxf6
gxf6 28. Kf3 Ne7 29. Kg4 Ke6 30. Kh5 b6 31. Kxh6 f5 32. exf5+ Nxf5+ 33. Kg5 Nxg3
34. hxg3 a5 1-0

[Event "DRUZYNOWE MISTRZOSTWA POLSKI JUNIOROW - II LIGA"]
[Site "Szczyrk, CKiR Orle Gniazdo ul. Wrzosowa 28a"]
[Date "2014-07-26"]
[Round "2.41"]
[White "Konopacka, Martyna"]
[Black "Momot, Weronika"]
[Result "1-0"]
[WhiteTitle "I"]
[BlackTitle "I"]
[WhiteElo "1715"]
[BlackElo "1479"]

1. e4 e6 2. d4 d5 3. Nc3 Nf6 4. exd5 exd5 5. Nf3 Bg4 6. Be2 Bd6 7. h3 Bh5 8. Bg5
c6 9. Ne5 Bxe2 10. Qxe2 O-O 11. O-O-O Re8 12. f4 Nbd7 13. Qf3 Qc7 14. Qg3 Nh5
15. Qh4 Nhf6 16. Rd3 Ne4 17. Nxe4 dxe4 18. Rg3 c5 19. Qg4 f6 20. Bh6 Nxe5 21.
dxe5 fxe5 22. Bxg7 exf4 23. Be5+ Kf8 24. Qf5+ Qf7 25. Bxd6+ Re7 26. Bxe7+ Kxe7
27. Qxf7+ Kxf7 28. Rf1 Ke6 29. Rxf4 Ke5 30. Rgg4 e3 31. Re4+ Kf5 32. Rxe3 h5 33.
Rf3+ Ke5 34. Rg5+ 1-0

[Event "DRUZYNOWE MISTRZOSTWA POLSKI JUNIOROW - II LIGA"]
[Site "Szczyrk, CKiR Orle Gniazdo ul. Wrzosowa 28a"]
[Date "2014-07-26"]
[Round "2.42"]
[White "Waligora, Julia"]
[Black "Zamarska, Sylwia"]
[Result "1-0"]
[WhiteTitle "II+"]
[BlackTitle "II"]
[WhiteElo "1271"]
[BlackElo "1313"]

1. e4 c6 2. d4 d5 3. exd5 cxd5 4. Bd3 Nc6 5. c3 Nf6 6. Bf4 Bg4 7. Qb3 Qd7 8. Nd2
e6 9. Ngf3 Rc8 10. O-O Bd6 11. Bg3 O-O 12. Rae1 Na5 13. Qc2 Nc4 14. Ne5 Bxe5 15.
Bxe5 Nxd2 16. Qxd2 Bh5 17. Bxf6 gxf6 18. Qh6 Bg6 19. Re3 f5 20. h4 f6 21. h5 f4
22. Rf3 Bxd3 23. Rxd3 e5 24. dxe5 fxe5 25. Qg5+ Qg7 26. Qxg7+ Kxg7 27. Rxd5 Rce8
28. Rfd1 Re7 29. Rd7 Rff7 30. Rxe7 Rxe7 31. Rd6 Kf7 32. f3 Re6 33. Rd7+ Re7 34.
Rxe7+ Kxe7 35. Kf2 Ke6 36. Ke2 Kd5 37. Kd3 b5 38. b3 a5 39. c4+ bxc4+ 40. bxc4+
Kc5 41. Ke4 Kxc4 42. Kxe5 a4 43. Kxf4 a3 44. g4 Kc3 45. g5 Kb2 46. g6 hxg6 47.
hxg6 Kxa2 48. g7 Kb2 49. g8=Q a2 50. Qg7+ Kb1 51. Kg4 a1=Q 52. Qxa1+ Kxa1 53.
f4 1-0

[Event "DRUZYNOWE MISTRZOSTWA POLSKI JUNIOROW - II LIGA"]
[Site "Szczyrk, CKiR Orle Gniazdo ul. Wrzosowa 28a"]
[Date "2014-07-26"]
[Round "2.43"]
[White "Madej, Roman"]
[Black "Osinski, Emil"]
[Result "1-0"]
[WhiteTitle "I"]
[BlackTitle "I"]
[WhiteElo "1756"]
[BlackElo "1937"]

1. d4 c5 2. Nf3 e6 3. c4 Nf6 4. d5 exd5 5. cxd5 d6 6. Nc3 g6 7. e4 a6 8. a4 Bg7
9. Bd3 O-O 10. O-O Qc7 11. Re1 Bg4 12. h3 Bxf3 13. Qxf3 Nbd7 14. Bf4 Rfe8 15.
a5 Ne5 16. Bxe5 Rxe5 17. Qd1 Rae8 18. f4 R5e7 19. Qf3 Nd7 20. Bc4 Kh8 21. Re2
g5 22. g3 Rg8 23. Kh1 Ree8 24. e5 gxf4 25. gxf4 b5 26. axb6 Nxb6 27. exd6 Qxd6
28. Rxa6 Rxe2 29. Bxe2 Bd4 30. Ne4 Qg6 31. Ng5 c4 32. Bxc4 h6 33. Bd3 Qg7 34.
Qh5 Rf8 35. Ra7 Nxd5 36. Rxf7 Nxf4 37. Rxg7 Nxh5 38. Rh7+ Kg8 39. Bc4+ 1-0

[Event "DRUZYNOWE MISTRZOSTWA POLSKI JUNIOROW - II LIGA"]
[Site "Szczyrk, CKiR Orle Gniazdo ul. Wrzosowa 28a"]
[Date "2014-07-26"]
[Round "2.44"]
[White "Wolniaczyk, Bartosz"]
[Black "Golenia, Jan"]
[Result "1/2-1/2"]
[WhiteTitle "II"]
[BlackTitle "II+"]
[WhiteElo "1581"]
[BlackElo "1624"]

1. e4 c5 2. Nf3 Nc6 3. d4 cxd4 4. Nxd4 e5 5. Nb5 a6 6. Nd6+ Bxd6 7. Qxd6 Qf6 8.
Qxf6 Nxf6 9. Nc3 d6 10. Bg5 Be6 11. O-O-O Rd8 12. Nd5 Bxd5 13. exd5 Ne7 14. Bc4
Ne4 15. Be3 b5 16. Bb3 Nf5 17. Rhf1 Nxe3 18. fxe3 Rc8 19. c3 Nf6 20. Kd2 Rc5 21.
Ke2 Ke7 22. Kf3 g6 23. e4 Nh5 24. Ke3 Rf8 25. Bc2 b4 26. Bd3 bxc3 27. b4 c2 28.
bxc5 cxd1=N+ 29. Rxd1 dxc5 30. Bxa6 Ra8 31. d6+ Kd8 32. Bc4 Ra3+ 33. Kf2 Nf6 34.
Re1 Ra4 35. Bxf7 Nxe4+ 36. Kg1 Nxd6 37. Bg8 h5 38. Rxe5 c4 39. Re6 Kc7 40. Rxg6
Rxa2 41. Rxd6 Kxd6 42. Bxc4 Rc2 43. Bf7 h4 44. h3 Ke5 45. Kh2 Kf4 46. Bd5 Rd2
47. Bc6 Rf2 48. Bb7 Ke3 49. Bc6 Rf6 50. Bb7 Kf2 51. Bd5 Rg6 52. Bb7 Rg3 1/2-1/2